Jóvenes: ¿En busca de una identidad perdida?

Na minha lista:
Detalhes bibliográficos
Autor Corporativo: Universidad Católica Cardenal Raúl Silva Henríquez. Vicerrectoría Académica. Centro de Estudios en Juventud
Formato: Texto
Publicado em: Santiago: CEJU
Assuntos:
Tags: Adicionar Tag
Sem tags, seja o primeiro a adicionar uma tag!

MARC

LEADER 00000 a a2200000 04500
001 27856
003
040
090 |a 186516  
110 |a Universidad Católica Cardenal Raúl Silva Henríquez. Vicerrectoría Académica. Centro de Estudios en Juventud  
245 |a Jóvenes: ¿En busca de una identidad perdida?  
260 |a Santiago:   |b CEJU  
650 |a JUVENTUD  
650 |a CONDICIONES SOCIALES  
650 |a ADULTOS  
650 |a CONFLICTO DE GENERACIONES  
650 |a IDENTIDAD CULTURAL  
999 |c 16242  |d 16242